Pět přání

Bibliographic Details
Main Author: Doskočilová, Hana, 1936-2019 (Author)
Other Authors: Tichá, Marie, 1935- (Illustrator)
Format: Book
Language:Czech
PhysicalDescription:[10] s. 32 cm
Published: Praha Albatros 1992
ISBN:8000001691
Edition:2. vyd.

MARC

LEADER 00000nam a2200000 a 4500
001 vtls001137589
003 SK-MaSNL
005 20260301233519.0
008 250414s1992 xr a a 00 0f cze
020 |a 8000001691 
035 |a SNK000080442 
040 |a SNK  |b slo  |c SNK  |e AACR2 
041 0 |a cze 
044 |a xr  |c CZ 
080 |a 087.5  |2 1981 
100 1 |a Doskočilová, Hana,  |d 1936-2019  |4 aut  |9 220228 
245 1 0 |a Pět přání  |c Hana Doskočilová ; Ilustr. Marie Tichá 
250 |a 2. vyd. 
260 |a Praha  |b Albatros  |c 1992  |e Skalica  |f Grafobal 
300 |a [10] s.  |c 32 cm 
500 |a p. aj: Tichá, Marie 
700 1 |a Tichá, Marie,  |d 1935-  |4 ill  |9 171609 
852 |a Slovenská národná knižnica 
919 |a 80-00-00169-1 
954 |a leporelá 
999 |c 966513  |d 968443 
952 |a SNK  |b SNK  |y PREZ  |7 0  |p 17A0919862  |o snkSB 50185  |i snkKIP 9158/92  |0 0  |1 0  |4 0  |d 2015-09-09  |l 0  |r 2025-03-05 00:00:00  |w 2026-02-24